|
|
|
|
| LEADER |
00000nab a2200000 a 4500 |
| 001 |
vtls000178009 |
| 003 |
SK-MaSNL |
| 005 |
20260305002221.0 |
| 008 |
160215c1984 xo 0 slo |
| 015 |
|
|
|a SNBRB19rr/mm-uuuuu
|
| 035 |
|
|
|a CL0188122
|
| 040 |
|
|
|a SNKBUCL
|b slo
|c SNKBUCL
|e AACR2
|
| 041 |
0 |
|
|a slo
|
| 044 |
|
|
|a xo
|c SK
|
| 080 |
|
|
|a 82.09:885.4-96(087.5)(048)
|2 1981
|
| 080 |
|
|
|a 885.4-96(087.5)(048)
|2 1981
|
| 100 |
1 |
|
|a -rk-
|4 aut
|9 844703
|
| 245 |
1 |
0 |
|a Pramienok poznania
|b Ján Navrátil: Pramienok
|c -rk- ; Ján Navrátil, Eugénia Lehotská
|
| 650 |
0 |
7 |
|a populárno-náučné výklady
|2 snkbucl
|9 250497
|
| 650 |
0 |
7 |
|a obrázkové knižky
|2 snkbucl
|9 1362853
|
| 650 |
0 |
7 |
|a literatúra faktu
|2 snkbucl
|9 18459
|
| 650 |
0 |
7 |
|a literatúra pre deti a mládež
|2 snkbucl
|9 21893
|
| 655 |
|
7 |
|a články z novín a časopisov
|2 snkbucl
|9 267496
|
| 655 |
|
7 |
|a články z odboru literárna veda a krásna literatúra
|2 snkbucl
|9 770045
|
| 700 |
1 |
|
|a Navrátil, Ján,
|d 1935-2024
|4 aut
|9 13840
|
| 700 |
1 |
|
|a Lehotská, Eugénia,
|d 1943-
|4 aut
|9 115044
|
| 773 |
0 |
|
|t Nové knihy
|g Č. 11 (1984), s. /6/
|
| 787 |
0 |
8 |
|i Rec.:
|a Navrátil, Ján
|t Pramienok
|d Bratislava : Mladé letá, 1983
|
| 850 |
|
|
|a Slovenská národná knižnica v Martine
|a MTA001
|
| 852 |
|
|
|a SNK
|b KIS3GCP
|
| 958 |
|
|
|a BX
|
| 958 |
|
|
|a RK
|
| 958 |
|
|
|a LX
|
| 992 |
|
|
|a RBX
|
| 999 |
|
|
|c 3224439
|d 3226369
|